| 000 | 00617nam a2200205 a 4500 | ||
|---|---|---|---|
| 008 | |||
| 020 | _a908095294x (pbk.) | ||
| 049 | _aMAIN | ||
| 090 |
_aNA9 _bFLA |
||
| 245 | 1 | 0 |
_aFlanders architectural yearbook / _cBenjamin Eggermont...[et al] |
| 260 |
_aBelgium : _bFlemish Architecture Institute (VAi), _c2006. |
||
| 300 |
_a241 p. : _bill.(some col.) ; _c30 cm. |
||
| 650 |
_aArchitecture _vPeriodicals. |
||
| 700 | _aEggermont, Benjamin. | ||
| 907 |
_a.b10369089 _b12-02-16 _c12-02-16 |
||
| 003 | |||
| 005 | 20230120131039.0 | ||
| 040 | _cNUST | ||
| 942 |
_cBOOKS _kNA9 _mFLA |
||
| 999 |
_c95893 _d95893 |
||